<?xml version="1.0" encoding="UTF-8"?>
<record
    xmlns:xsi="http://www.w3.org/2001/XMLSchema-instance"
    xsi:schemaLocation="http://www.loc.gov/MARC21/slim http://www.loc.gov/standards/marcxml/schema/MARC21slim.xsd"
    xmlns="http://www.loc.gov/MARC21/slim">

  <leader>02972nam a2200481 i 4500</leader>
  <controlfield tag="001">194319</controlfield>
  <controlfield tag="003">SpMaBN</controlfield>
  <controlfield tag="005">20250928121617.0</controlfield>
  <controlfield tag="007">ta</controlfield>
  <controlfield tag="008">240424s2019    sp a   | |||| 001 0dspa  </controlfield>
  <datafield tag="017" ind1=" " ind2=" ">
    <subfield code="a">B 5491-2019</subfield>
    <subfield code="b">Oficina Dep&#xF3;sito Legal Barcelona</subfield>
  </datafield>
  <datafield tag="020" ind1=" " ind2=" ">
    <subfield code="a">9788417346560</subfield>
  </datafield>
  <datafield tag="035" ind1=" " ind2=" ">
    <subfield code="a">(OCoLC)1121557459</subfield>
  </datafield>
  <datafield tag="035" ind1=" " ind2=" ">
    <subfield code="a">a6509405</subfield>
  </datafield>
  <datafield tag="040" ind1=" " ind2=" ">
    <subfield code="a">SpMaBN</subfield>
    <subfield code="b">spa</subfield>
    <subfield code="c">SpMaBN</subfield>
    <subfield code="e">rda</subfield>
    <subfield code="d">ES-MaACL</subfield>
  </datafield>
  <datafield tag="080" ind1=" " ind2=" ">
    <subfield code="a">78 Schubert, Franz</subfield>
  </datafield>
  <datafield tag="080" ind1=" " ind2=" ">
    <subfield code="a">821.112.2 M&#xFC;ller, Wilhelm 7 Winterreise.08</subfield>
  </datafield>
  <datafield tag="100" ind1="1" ind2=" ">
    <subfield code="a">Bostridge, Ian</subfield>
    <subfield code="9">235990</subfield>
    <subfield code="e">aut</subfield>
  </datafield>
  <datafield tag="245" ind1="1" ind2="0">
    <subfield code="a">"Viaje de invierno" de Schubert :</subfield>
    <subfield code="b">anatom&#xED;a de una obsesi&#xF3;n /</subfield>
    <subfield code="c">Ian Bostridge ; traducci&#xF3;n del ingl&#xE9;s y del alem&#xE1;n de Luis Gago.</subfield>
  </datafield>
  <datafield tag="250" ind1=" " ind2=" ">
    <subfield code="a">Primera edici&#xF3;n: marzo de 2019</subfield>
  </datafield>
  <datafield tag="264" ind1=" " ind2="1">
    <subfield code="a">Barcelona :</subfield>
    <subfield code="b">Acantilado,</subfield>
    <subfield code="c">2019</subfield>
  </datafield>
  <datafield tag="264" ind1=" " ind2="4">
    <subfield code="c">&#xA9;2019</subfield>
  </datafield>
  <datafield tag="300" ind1=" " ind2=" ">
    <subfield code="a">285 p&#xE1;ginas, 16 p&#xE1;ginas de l&#xE1;minas (color) sin numerar (color) :</subfield>
    <subfield code="b">ilustraciones (blanco y negro) ;</subfield>
    <subfield code="c">21 cm</subfield>
  </datafield>
  <datafield tag="336" ind1=" " ind2=" ">
    <subfield code="a">Texto</subfield>
    <subfield code="2">rdacontent</subfield>
  </datafield>
  <datafield tag="337" ind1=" " ind2=" ">
    <subfield code="a">sin mediaci&#xF3;n</subfield>
    <subfield code="2">rdamedia</subfield>
  </datafield>
  <datafield tag="338" ind1=" " ind2=" ">
    <subfield code="a">volumen</subfield>
    <subfield code="2">rdacarrier</subfield>
  </datafield>
  <datafield tag="490" ind1="1" ind2=" ">
    <subfield code="a">El Acantilado</subfield>
    <subfield code="v">385</subfield>
  </datafield>
  <datafield tag="500" ind1=" " ind2=" ">
    <subfield code="a">Traducci&#xF3;n de: Schubert's Winter Journey</subfield>
  </datafield>
  <datafield tag="500" ind1=" " ind2=" ">
    <subfield code="a">Catalogaci&#xF3;n provisional. N-9956. Dep&#xF3;sito J</subfield>
  </datafield>
  <datafield tag="504" ind1=" " ind2=" ">
    <subfield code="a">Bibliograf&#xED;a: p&#xE1;ginas 369-384. &#xCD;ndice</subfield>
  </datafield>
  <datafield tag="520" ind1=" " ind2=" ">
    <subfield code="a">Ian Bostridge comparte en estas p&#xE1;ginas su pasi&#xF3;n por una de las obras m&#xE1;s extraordinarias y enigm&#xE1;ticas de la m&#xFA;sica occidental, el schubertiano ciclo de Lieder Viaje de invierno, del que en la actualidad es uno de sus m&#xE1;s celebrados int&#xE9;rpretes. Examinando uno a uno los veinticuatro poemas de Wilhelm M&#xFC;ller que lo integran, descifra sus enigmas y sutiles significados, as&#xED; como las circunstancias biogr&#xE1;ficas del compositor y los condicionantes hist&#xF3;ricos que pudieron intervenir en la concepci&#xF3;n de una de las m&#xE1;s perfectas simbiosis de m&#xFA;sica y poes&#xED;a. El resultado es un ensayo cautivador e ilustrado en el que distintos saberes, im&#xE1;genes y lecturas&#x2014;desde Jean-Jacques Rousseau o Immanuel Kant, pasando por Johann Wolfgang Goethe, Mary Shelley o Charlotte Bront&#xEB;, hasta Samuel Beckett o Slavoj &#x17D;i&#x17E;ek&#x2014;dialogan para hacer de este singular viaje al coraz&#xF3;n del romanticismo alem&#xE1;n una aut&#xE9;ntica aventura que atrapar&#xE1; a expertos y ne&#xF3;fitos por igual.</subfield>
  </datafield>
  <datafield tag="600" ind1="1" ind2="7">
    <subfield code="a">Schubert, Franz</subfield>
    <subfield code="d">1797-1828.</subfield>
    <subfield code="t">Winterreise</subfield>
    <subfield code="2">embne</subfield>
    <subfield code="9">235991</subfield>
  </datafield>
  <datafield tag="600" ind1=" " ind2="0">
    <subfield code="a">M&#xFC;ller, Wilhelm, </subfield>
    <subfield code="d">1794-1827.</subfield>
    <subfield code="t">Winterreise- </subfield>
    <subfield code="x">Cr&#xED;tica textual</subfield>
    <subfield code="9">235992</subfield>
  </datafield>
  <datafield tag="830" ind1=" " ind2=" ">
    <subfield code="9">179782</subfield>
    <subfield code="a">El Acantilado ;</subfield>
    <subfield code="v">385</subfield>
  </datafield>
  <datafield tag="852" ind1=" " ind2=" ">
    <subfield code="a">ES-MaACL</subfield>
    <subfield code="b">R.155106</subfield>
    <subfield code="c">DEPOJ</subfield>
    <subfield code="j">N-9956</subfield>
    <subfield code="z">Compra</subfield>
    <subfield code="9">201921 </subfield>
    <subfield code="x">Encuadernaci&#xF3;n r&#xFA;stica con solapas</subfield>
  </datafield>
  <datafield tag="942" ind1=" " ind2=" ">
    <subfield code="n">0</subfield>
    <subfield code="c">MONOGRAFIA</subfield>
  </datafield>
  <datafield tag="999" ind1=" " ind2=" ">
    <subfield code="c">194319</subfield>
    <subfield code="d">194319</subfield>
  </datafield>
  <datafield tag="952" ind1=" " ind2=" ">
    <subfield code="0">0</subfield>
    <subfield code="1">0</subfield>
    <subfield code="2">udc</subfield>
    <subfield code="4">0</subfield>
    <subfield code="7">0</subfield>
    <subfield code="a">ATENEOM</subfield>
    <subfield code="b">ATENEOM</subfield>
    <subfield code="c">DEPOJ</subfield>
    <subfield code="d">2024-04-24</subfield>
    <subfield code="e">COMPRA</subfield>
    <subfield code="l">0</subfield>
    <subfield code="o">N-9956</subfield>
    <subfield code="p">101227168</subfield>
    <subfield code="r">2024-04-24 00:00:00</subfield>
    <subfield code="w">2024-04-24</subfield>
    <subfield code="y">MONOGRAFIA</subfield>
  </datafield>
</record>
